Differences of phospholipase A2 gene expression in latex (Record no. 57173)
[ view plain ]
| 000 -LEADER | |
|---|---|
| fixed length control field | 01478nam a2200181Ia 4500 |
| 100 ## - MAIN ENTRY--AUTHOR NAME | |
| Personal name | Zhi Deng |
| 245 #0 - TITLE STATEMENT | |
| Title | Differences of phospholipase A2 gene expression in latex |
| 260 ## - PUBLICATION, DISTRIBUTION, ETC. (IMPRINT) | |
| Name of publisher | Proceedings of IRRDB Conference: NR Industry: Responding to Globalization, 7-8 September 2004, Kunming International Convention & Exhibition Center, China. pp.115-118. |
| 520 ## - SUMMARY, ETC. | |
| Summary, etc | The phospholipase A2 gene partial cDNA sequence was amplified by RT-PCR in latex. The sequence analysis displayed that it was identical with the cDNA sequence of hev b7 published by Kostyal D.A (1998). Hev b7 was similar to patatin and had phospholipase A2 gene indicated that the expression level of phospholipase A2 gene was different under various treatments. In the young tree experiment, it showed that the intensity of hybridization signal of the primary tapping was the weakest, while the intensity of hybridization signal of the first tapping with Ethrel treatment was stronger than that of the first tapping without Ethrel treatment. In the mature tree experiment, the clone Reyan7-33-97(Ethrel) was the strongest among four treatments, and the clone Reyan7-33-97 (no Ethrel) was stronger than the clone PR107(Ethrel), while the clone PR107(no Ethrel) was the weakest. |
| 650 ## - SUBJECT ADDED ENTRY--TOPICAL TERM | |
| Topical Term | Ethrel |
| 650 ## - SUBJECT ADDED ENTRY--TOPICAL TERM | |
| Topical Term | Hevea brasiliensis |
| 650 ## - SUBJECT ADDED ENTRY--TOPICAL TERM | |
| Topical Term | Phospholipase A2 |
| 650 ## - SUBJECT ADDED ENTRY--TOPICAL TERM | |
| Topical Term | Wounding |
| 700 ## - ADDED ENTRY--PERSONAL NAME | |
| Personal name | Rizhong Zeng |
| 700 ## - ADDED ENTRY--PERSONAL NAME | |
| Personal name | Xianzhou Xiao |
| 942 ## - ADDED ENTRY ELEMENTS (KOHA) | |
| Koha item type | Journals |
| Withdrawn status | Lost status | Damaged status | Not for loan | Home library | Current library | Shelving location | Date acquired | Koha item type |
|---|---|---|---|---|---|---|---|---|
| Journals | RRII Library | RRII Library | Biotechnology | 17/12/2021 | Journals |